[Event "HUN-ch"]
[Site "Budapest"]
[Date "1971.??.??"]
[Round "2"]
[White "Ribli, Zoltan"]
[Black "Dely, Peter"]
[Result "1-0"]
[WhiteElo "2440"]
[BlackElo "2480"]

1.e4 c5 2.Nf3 Nc6 3.d4 cxd4 4.Nxd4 g6 5.Nc3 Bg7 6.Be3 Nf6 7.Bc4 O-O 8.Bb3 Qc7
9.h3 a6 10.f4 Nxd4 11.Qxd4 Nh5 12.e5 d6 13.Nd5 Qa5+ 14.Bd2 Qd8 15.Nb6 Rb8
16.g4 Ng3 17.Rg1 Ne4 18.Ba5 Nc5 19.O-O-O Nxb3+ 20.axb3 Qe8 21.Nd5 dxe5 22.Qc5 b6
23.Bxb6 Be6 24.fxe5 Bxd5 25.Rxd5 Rc8 26.Bc7 e6 27.Rd3 f5 28.exf6 Bxf6 29.Qb6 Rf7
30.Bg3 e5 31.Kb1 e4 32.Rd6 Be5 33.Re6 Re7 34.Rxe7 Qxe7 35.Qxa6 Rc7 36.Qa8+  1-0

[Event "HUN-ch"]
[Site "Budapest"]
[Date "1971.??.??"]
[Round "3"]
[White "Portisch, Lajos"]
[Black "Ribli, Zoltan"]
[Result "1/2-1/2"]
[WhiteElo "2630"]
[BlackElo "2440"]

1.d4 Nf6 2.c4 g6 3.Nc3 d5 4.Nf3 Bg7 5.Qb3 dxc4 6.Qxc4 O-O 7.e4 a6 8.Qb3 b5
9.e5 Nfd7 10.Be3 c5 11.e6 c4 12.exf7+ Rxf7 13.Qd1 Nb6 14.a4 b4 15.Ne4 a5
16.Ne5 Rf8 17.Nxc4 Nd5 18.Be2 Nxe3 19.fxe3 e5 20.Nxe5 Bb7 21.Bc4+ Kh8 22.Qg4 Bxe5
23.dxe5 Nd7 24.Nd6 Nxe5 25.Qd4 Qf6 26.Rf1 Qg7 27.Bb3 Bxg2 28.Rxf8+ Rxf8 29.O-O-O h6
30.Kb1 Kh7 31.h4 Bf3 32.Rd2 Qe7 33.Nb5 Nc6 34.Qd7 Be4+ 35.Ka2 Rf1 36.Bc2 Bxc2
37.Qxe7+ Nxe7 38.Rxc2 g5 39.hxg5 hxg5 40.Rc7 Rf7 41.Nd6 Rg7 42.Ne8  1/2-1/2

[Event "HUN-ch"]
[Site "Budapest"]
[Date "1971.??.??"]
[Round "5"]
[White "Kluger, Gyula"]
[Black "Ribli, Zoltan"]
[Result "1/2-1/2"]
[WhiteElo "2400"]
[BlackElo "2440"]

1.d4 Nf6 2.c4 g6 3.Nc3 d5 4.Bf4 Bg7 5.e3 O-O 6.Qb3 c6 7.Nf3 Qa5 8.Rc1 Nbd7
9.a3 Nh5 10.Bg5 Ndf6 11.Ne5 h6 12.Bh4 g5 13.Bg3 Be6 14.f3 Nxg3 15.hxg3 c5
16.Qb5 Qxb5 17.cxb5 Rfc8 18.Bd3 Ne8 19.f4 Nd6 20.Kf2 f6 21.Nf3 g4 22.dxc5 Rxc5
23.Nd4 Bd7 24.b4 Rc7 25.Nxd5 Rxc1 26.Rxc1 e5 27.Rc7 Rd8 28.Ne7+ Kf8 29.Ng6+ Kg8
30.Ne7+  1/2-1/2

[Event "HUN-ch"]
[Site "Budapest"]
[Date "1971.??.??"]
[Round "6"]
[White "Ribli, Zoltan"]
[Black "Honfi, Karoly"]
[Result "1/2-1/2"]
[WhiteElo "2440"]
[BlackElo "2435"]

1.c4 g6 2.g3 Bg7 3.Bg2 e5 4.Nc3 d6 5.e3 Nf6 6.Nge2 O-O 7.O-O Nbd7 8.d3 Re8
9.Rb1 c6 10.b4 Nb6 11.a4 a6 12.a5 Nbd7 13.Ba3 Nf8 14.Na4 Be6 15.Nb6 Ra7 16.d4 e4
17.d5 Bg4 18.h3 Bxe2 19.Qxe2 N8d7 20.Rfd1 Nxb6 21.axb6 Qxb6 22.dxc6 Qxc6
23.b5 axb5 24.cxb5 Qc8 25.Bxd6 Qe6 26.b6 Ra2 27.Qb5 Rd8 28.Bc7 Rdd2 29.Rxd2 Rxd2
30.Qa5 Ra2 31.Qe5 Qc6 32.Qd6 Qxd6 33.Bxd6 Ne8 34.Bf4 f5 35.f3 Nf6 36.fxe4 Nxe4
37.Rc1 Ra1 38.Rxa1 Bxa1 39.Bf1 Bf6 40.Bc4+ Kf8 41.Bd5 Nc5 42.g4 fxg4 43.hxg4 g5
44.Bc7 Ke7 45.Kg2 Kd7 46.Bg8 Na6 47.Bg3 Kc6 48.Kf3 Nc5 49.Bc7 Na6 50.Bh2 Nc5
51.e4 Nd7 52.Bg1  1/2-1/2

[Event "HUN-ch"]
[Site "Budapest"]
[Date "1971.??.??"]
[Round "8"]
[White "Ribli, Zoltan"]
[Black "Bilek, Istvan"]
[Result "1-0"]
[WhiteElo "2440"]
[BlackElo "2490"]

1.e4 c5 2.Nf3 Nc6 3.d4 cxd4 4.Nxd4 Nf6 5.Nc3 g6 6.Be3 Bg7 7.Bc4 d6 8.f3 Bd7
9.Qd2 Ne5 10.Bb3 Rc8 11.O-O-O Nc4 12.Bxc4 Rxc4 13.Nb3 Qc7 14.Bd4 Be6 15.e5 dxe5
16.Bxe5 Ne4 17.Bxc7 Nxd2 18.Nb5 a6 19.Nxd2 Rc6 20.Nb3 O-O 21.N3d4 Bxd4 22.Nxd4 Rxc7
23.Nxe6 fxe6 24.Rd4 Rf5 25.Rhd1 Kf7 26.Rd7 Rfc5 27.Rxc7 Rxc7 28.Rd8 e5 29.Kd2 Ke6
30.Kd3 Rc6 31.c4 b5 32.cxb5 axb5 33.Rb8 Rc5 34.a3 Kd6 35.Rh8 Rc1 36.Rxh7 Rg1
37.g4 Rf1 38.Ke3 Re1+ 39.Kf2 Rb1 40.b4 Rb2+ 41.Kg3 Rb3 42.Rg7 e4 43.Rxg6+ Ke5
44.Rg5+ Kd4 45.Rf5 e5 46.Rf8 exf3 47.Rxf3 Rd3 48.Rxd3+ Kxd3 49.g5 e4 50.Kf2 Kd2
51.g6 e3+ 52.Kg2 e2 53.g7 e1=Q 54.g8=Q Qe4+ 55.Kg3 Qd3+ 56.Kh4 Qd4+  1-0

[Event "HUN-ch"]
[Site "Budapest"]
[Date "1971.??.??"]
[Round "9"]
[White "Flesch, Janos"]
[Black "Ribli, Zoltan"]
[Result "1/2-1/2"]
[WhiteElo "2430"]
[BlackElo "2440"]

1.d4 Nf6 2.c4 g6 3.Nc3 d5 4.Bg5 Ne4 5.Bh4 c5 6.cxd5 Nxc3 7.bxc3 Qxd5 8.e3 Bg7
9.Qf3 Qd8 10.Bb5+ Nd7 11.Ne2 cxd4 12.exd4 O-O 13.O-O a6 14.Bd3 Qc7 15.Rab1 e5
16.Be4 Ra7 17.Bd5 Nb6 18.Rxb6 Qxb6 19.Be7 Qc7 20.Bxf8 Kxf8 21.dxe5 Bxe5 22.Re1 Bxh2+
23.Kh1 Bd6 24.Ng3 f5 25.Qe3 b5 26.Nh5 Be5 27.Qg5 Qd6 28.Qh6+ Bg7 29.Qe3 Re7
30.Qxe7+ Qxe7 31.Rxe7 Kxe7 32.Nxg7 Bd7 33.c4 bxc4 34.Bxc4 a5 35.Kg1 Kf6 36.Nxf5 Bxf5
37.a3 Ke5 38.Bg8 h6 39.f3 g5 40.Kf2 Kd4 41.Bf7 Kc3 42.Be8 Bc2 43.g3 a4 44.f4 Kb3
45.Kf3 gxf4 46.gxf4 Kxa3 47.Kg4 Bd1+ 48.Kh4 Kb4 49.Bxa4 Kxa4 50.f5  1/2-1/2

[Event "HUN-ch"]
[Site "Budapest"]
[Date "1971.??.??"]
[Round "10"]
[White "Ribli, Zoltan"]
[Black "Sax, Gyula"]
[Result "0-1"]
[WhiteElo "2440"]
[BlackElo "2400"]

1.c4 g6 2.g3 Bg7 3.Bg2 f5 4.d4 Nf6 5.Nc3 O-O 6.Nf3 d6 7.O-O c6 8.d5 e5 9.dxe6 Bxe6
10.Ng5 Bxc4 11.b3 Bf7 12.Ba3 Ne8 13.Nxf7 Rxf7 14.Rc1 Na6 15.h4 Nac7 16.e4 f4
17.Qd3 Qf6 18.Bb2 Qd4 19.Qf3 fxg3 20.Qxg3 Be5 21.Qh3 Qd2 22.Ba1 Ng7 23.Nb1 Qh6
24.Bxe5 dxe5 25.Na3 Raf8 26.Nc4 Qh5 27.Nd6 Rf4 28.Nxb7 Rxh4 29.Qe3 Nce6 30.f3 Nf4
31.Rf2 Qg5 32.Re1 Qg3 33.Ree2 Qh2+ 34.Kf1 Qh1+  0-1

[Event "HUN-ch"]
[Site "Budapest"]
[Date "1971.??.??"]
[Round "11"]
[White "Lengyel, Levente"]
[Black "Ribli, Zoltan"]
[Result "1/2-1/2"]
[WhiteElo "2485"]
[BlackElo "2440"]

1.d4 Nf6 2.c4 g6 3.d5 Bg7 4.Nc3 d6 5.e4 O-O 6.Nf3 c6 7.Be2 a6 8.O-O b5 9.dxc6 b4
10.c7 Qxc7 11.Nd5 Qb7 12.Qc2 Re8 13.Bg5 Nbd7 14.Nd2 h6 15.Be3 Nh7 16.a3 a5
17.axb4 e6 18.Nc3 axb4 19.Nb5 Rxa1 20.Rxa1 Qc6 21.Qb3 Bf8 22.Qxb4 d5 23.cxd5 exd5
24.exd5 Qxd5 25.Qc4 Qe5 26.Qd4 Nhf6 27.Nc3 Qf5 28.Bd3 Qh5 29.Be2 Qf5 30.Bd3 Qh5
31.Nde4 Nxe4 32.Nxe4 Bg7 33.Qa4 Rf8 34.Bd4 Ne5 35.Bb5 Bb7 36.Ng3 Qg5 37.Re1 h5
38.h4 Qf4 39.Bc3 Qxa4 40.Bxa4 Nd3 41.Re7 Bd5 42.Re2 Ra8 43.Bb5 Nf4 44.Rd2 Bxg2
45.Bxg7 Kxg7 46.Ne2 Ra1+ 47.Kh2 Nxe2 48.Kxg2 Nf4+ 49.Kh2 f6  1/2-1/2

[Event "HUN-ch"]
[Site "Budapest"]
[Date "1971.??.??"]
[Round "14"]
[White "Ribli, Zoltan"]
[Black "Forintos, Gyozo V"]
[Result "1-0"]
[WhiteElo "2440"]
[BlackElo "2485"]

1.e4 g6 2.d4 Bg7 3.Nf3 d6 4.Bc4 Nf6 5.Qe2 d5 6.exd5 Nxd5 7.O-O Nc6 8.Rd1 Bg4
9.h3 Bxf3 10.Qxf3 e6 11.c3 O-O 12.Nd2 Nb6 13.Bb3 a5 14.a4 Nd5 15.Nc4 Qe7
16.Ne3 Nxe3 17.Bxe3 e5 18.dxe5 Nxe5 19.Qe4 Rfe8 20.Rd2 Kh8 21.Rad1 b6 22.Kh1 f5
23.Qd5 g5 24.Bc2 c6 25.Qd6 Qf7 26.Bxg5 Nc4 27.Qd7 Qg6 28.h4 Rf8 29.Re2 h6
30.Be7 Rf7 31.Re6 Qg4 32.Qxc6 Rg8 33.Rxh6+  1-0

[Event "HUN-ch"]
[Site "Budapest"]
[Date "1971.??.??"]
[Round "17"]
[White "Polgar, Istvan"]
[Black "Ribli, Zoltan"]
[Result "1/2-1/2"]
[WhiteElo "2380"]
[BlackElo "2440"]

1.e4 c5 2.Nf3 d6 3.d4 cxd4 4.Nxd4 Nf6 5.Nc3 a6 6.Bc4 e6 7.Bb3 b5 8.O-O Be7
9.a4 b4 10.Na2 Bb7 11.Bxe6 fxe6 12.Nxe6 Qd7 13.Nxg7+ Kf7 14.Nh5 Bxe4 15.Nxf6 Bxf6
16.Qh5+ Kg8 17.Nxb4 Nc6 18.Nd5 Be5 19.Ne3  1/2-1/2

[Event "Skopje ol (Men) fin-A"]
[Site "Skopje"]
[Date "1972.??.??"]
[Round "1"]
[White "Ribli, Zoltan"]
[Black "Tal, Mihail"]
[Result "1/2-1/2"]
[WhiteElo "2505"]
[BlackElo "2625"]

1.Nf3 Nf6 2.c4 g6 3.g3 Bg7 4.Bg2 O-O 5.d4 d6 6.Nc3 Nbd7 7.O-O e5 8.e4 c6
9.Rb1 a6 10.Qc2 b5 11.Rd1 Qe7 12.b3 Bb7 13.cxb5 axb5 14.dxe5 dxe5 15.h3 Nc5
16.b4 Na4 17.Nxa4 Rxa4 18.a3 Rc8 19.Qd3 c5 20.Qxb5 Raa8 21.Be3 cxb4 22.Qxb4 Qxb4
23.Rxb4 Bxe4 24.Nxe5 Bxg2 25.Kxg2 Re8 26.Nd7 Rxa3 27.Nxf6+ Bxf6 28.Rb7 Ra2  1/2-1/2

[Event "Skopje ol (Men) prel"]
[Site "Skopje"]
[Date "1972.??.??"]
[Round "1"]
[White "Ribli, Zoltan"]
[Black "Sampouw, Jacobus S"]
[Result "1-0"]
[WhiteElo "2505"]
[BlackElo "2200"]

1.e4 e5 2.Nf3 Nc6 3.Bb5 a6 4.Ba4 Nf6 5.d4 exd4 6.O-O Be7 7.Re1 h6 8.e5 Nh7
9.Nxd4 Nxd4 10.Qxd4 b5 11.Bb3 Bb7 12.c4 Nf8 13.Qd3 b4 14.Nd2 a5 15.Ne4 Ne6
16.Be3 a4 17.Bc2 Ra5 18.f4 Qa8 19.Rad1 Bc6 20.f5 Rxe5 21.fxe6 Rxe4 22.exd7+ Kd8
23.Bf2 Rg4 24.Rxe7 Rxg2+ 25.Kf1 Rxf2+ 26.Kxf2 Kxe7 27.Qd4 Qa5 28.d8=Q+  1-0

[Event "Skopje ol (Men) prel"]
[Site "Skopje"]
[Date "1972.??.??"]
[Round "2"]
[White "Ribli, Zoltan"]
[Black "Kadri, Mokhtar"]
[Result "1-0"]
[WhiteElo "2505"]
[BlackElo "2200"]

1.e4 e5 2.Nf3 Nc6 3.d4 exd4 4.c3 dxc3 5.Nxc3 d6 6.Bc4 Be6 7.Bxe6 fxe6 8.Qb3 Qd7
9.Qxb7 Rb8 10.Qa6 Nf6 11.O-O Be7 12.b3 O-O 13.Ba3 Nh5 14.Rac1 Bf6 15.Qa4 Nf4
16.Kh1 Nd3 17.Rcd1 Ndb4 18.Bb2 Rb6 19.a3 Ra6 20.Qb5 Ra5 21.Qc4 Na2 22.a4 Rb8
23.Nxa2 Bxb2 24.Rd2 Bf6 25.Rfd1 Qe8 26.Rc2 Rc5 27.Qd3 Rxc2 28.Qxc2 Rc8 29.Qc4 Ne5
30.Nxe5 Bxe5 31.g3 c5 32.Kg2 Qf7 33.f4 Rf8 34.Nc3 Bd4 35.Nb5 d5 36.exd5 exd5
37.Qd3 Rb8 38.b4 g5 39.fxg5 Qf2+ 40.Kh3 Rf8 41.Nxd4 cxd4 42.Qxd4 Qf5+ 43.Kh4 Rd8
44.Re1 Rc8 45.Re5 Rc4 46.Rxf5 Rxd4+ 47.Rf4 Rd2 48.h3 Kg7 49.Kg4 Rd3 50.h4 Rc3
51.Rd4 a6 52.Kh5 Rc4 53.Rxd5 Rxb4 54.Rd7+ Kg8 55.Kh6 Rb6+ 56.Kh5 Rb4 57.a5 Rb5
58.Kh6 Rxa5 59.Rd8+ Kf7 60.Kxh7  1-0

[Event "Skopje ol (Men) fin-A"]
[Site "Skopje"]
[Date "1972.??.??"]
[Round "2"]
[White "Ribli, Zoltan"]
[Black "Radulov, Ivan"]
[Result "1/2-1/2"]
[WhiteElo "2505"]
[BlackElo "2490"]

1.Nf3 Nf6 2.c4 e6 3.g3 Be7 4.Bg2 O-O 5.O-O d5 6.d4 c6 7.Qc2 Nbd7 8.b3 b6
9.Bb2 Ba6 10.Nbd2 Rc8 11.Rac1 c5 12.Qb1 dxc4 13.Nxc4 b5 14.Nce5 c4 15.Rfd1 Nb6
16.e4 Bb7 17.Nd2 cxb3 18.Rxc8 Qxc8 19.axb3 Qa8 20.Qd3 Bb4 21.f3 a6 22.d5 exd5
23.Qd4 Bxd2 24.Rxd2 dxe4 25.fxe4 Bxe4 26.Ng4 Nbd7 27.Bxe4 Qxe4 28.Qxe4 Nxe4
29.Rxd7 Nc5 30.Rd6 h5 31.Ne5 Nxb3 32.Rxa6 Rd8 33.Bc3 f6 34.Ng6 Rd1+ 35.Kg2 Rc1
36.Ne7+ Kf7 37.Nd5 Rc2+ 38.Kf3 Rxh2 39.Ra7+ Kg6 40.Nf4+ Kh6 41.Ra8 Kh7 42.Rb8 Rc2
43.Nd5 Nd2+ 44.Bxd2 Rxd2 45.Rxb5 Kh6 46.Nf4 g5 47.Ne2 Rd6 48.Ke3 Re6+ 49.Kf2 Re5
50.Nc3 Kg6 51.Nd5 Re6 52.Rb7 f5 53.Kf3 Rd6  1/2-1/2

[Event "Skopje ol (Men) fin-A"]
[Site "Skopje"]
[Date "1972.??.??"]
[Round "5"]
[White "Ribli, Zoltan"]
[Black "Liljedahl, Lennart"]
[Result "1/2-1/2"]
[WhiteElo "2505"]
[BlackElo "2260"]

1.e4 Nf6 2.e5 Nd5 3.d4 d6 4.Nf3 Bg4 5.Be2 e6 6.O-O Be7 7.h3 Bh5 8.c4 Nb6
9.exd6 cxd6 10.Nbd2 Nc6 11.b3 O-O 12.Bb2 d5 13.c5 Nd7 14.a3 a5 15.Bc3 Nf6
16.g4 Bg6 17.b4 Ne4 18.Qb3 Bf6 19.Rfd1 Bh4 20.Nxe4 dxe4 21.d5 exd5 22.Rxd5 Qe7
23.Nxh4 Qxh4 24.b5 Qxh3 25.bxc6 e3 26.Re5 exf2+ 27.Kxf2 Rae8 28.Qb2 Qh2+
29.Kf3 Qh3+ 30.Kf4 Qh2+ 31.Kf3 Qh3+ 32.Kf2 Qh2+ 33.Kf3  1/2-1/2

[Event "Skopje ol (Men) prel"]
[Site "Skopje"]
[Date "1972.??.??"]
[Round "5"]
[White "Ribli, Zoltan"]
[Black "Maalouf, Carlos"]
[Result "1-0"]
[WhiteElo "2505"]
[BlackElo "2200"]

1.e4 e5 2.Nf3 Nc6 3.Be2 Nf6 4.d3 d6 5.c3 Be7 6.b4 a6 7.a4 Be6 8.Nbd2 d5 9.Bb2 dxe4
10.dxe4 Nd7 11.O-O O-O 12.Qc2 Qe8 13.Nc4 f6 14.Ne3 Qf7 15.Nd2 Rae8 16.Rfd1 Kh8
17.Ndc4 Bd8 18.Rd2 Ne7 19.g3 Nc8 20.Na5 Nd6 21.Nf5 Bxf5 22.exf5 e4 23.c4 Ne5
24.c5 Nxf5 25.Nxb7 e3 26.Rxd8 exf2+ 27.Kxf2 Ne3 28.Kxe3 Ng4+ 29.Kd2 Rxd8+
30.Nxd8 Rxd8+ 31.Kc1 Ne3 32.Qc3 Qe6 33.Ra3 Nd5 34.Qd2 Re8 35.Bf3  1-0

[Event "Skopje ol (Men) fin-A"]
[Site "Skopje"]
[Date "1972.??.??"]
[Round "6"]
[White "Lombard, Andre"]
[Black "Ribli, Zoltan"]
[Result "1/2-1/2"]
[WhiteElo "2380"]
[BlackElo "2505"]

1.c4 g6 2.Nf3 Bg7 3.g3 c5 4.Bg2 Nc6 5.O-O e5 6.Nc3 Nge7 7.a3 a5 8.Rb1 O-O
9.Ne1 d6 10.b3 Be6 11.Nc2 d5 12.d3 h6 13.cxd5 Nxd5 14.Bd2 f5 15.Qc1 Kh7 16.Nxd5 Bxd5
17.Bxd5 Qxd5 18.Ne3 Qd6 19.Nc4 Qc7 20.a4 Nd4 21.Re1 b6 22.Bc3 e4 23.Bxd4 cxd4
24.Qf4 Qb7 25.Rbc1 Rad8 26.Nd2 e3 27.fxe3 dxe3 28.Nf3 Qd5 29.Rc4 b5 30.axb5 Qxb5
31.Rb1 Rfe8 32.Rc7 Rd7 33.Rbc1 Rxc7 34.Qxc7 Qxb3 35.Qxa5 Qb2 36.Qe1 g5 37.Qd1 Qf6
38.Qa4 Re6 39.Rc8 Qb2 40.Qc2 Qa1+ 41.Qc1 Ra6 42.Kg2 g4 43.Nh4 Qa2 44.Qf1 Qd5+
45.Kg1 f4 46.gxf4 Bb2 47.Rc7+ Kg8 48.Rc1 Bxc1 49.Qxc1 Re6 50.Qc8+ Kg7 51.Qc7+ Kf6
52.Qh7 Qh5 53.Qh8+ Kf7 54.Qh7+ Kf8 55.Qh8+ Ke7 56.Qh7+ Qf7 57.Nf5+ Kf8 58.Qh8+ Qg8
59.Qd4 Qg6 60.Nxe3 g3 61.h3 Qh5 62.f5 Qxe2 63.Qd8+ Kg7 64.Qd7+  1/2-1/2

[Event "Skopje ol (Men) prel"]
[Site "Skopje"]
[Date "1972.??.??"]
[Round "6"]
[White "Ribli, Zoltan"]
[Black "Bonner, Gerald"]
[Result "1-0"]
[WhiteElo "2505"]
[BlackElo "2240"]

1.e4 e5 2.Nf3 Nf6 3.d4 Nxe4 4.Nxe5 d6 5.Nf3 d5 6.Bd3 Be7 7.O-O Nc6 8.Re1 Bg4
9.c3 f5 10.Qb3 O-O 11.Nbd2 Kh8 12.Qxb7 Rf6 13.Qb3 Rb8 14.Qd1 Rg6 15.Nf1 Ng5
16.Nxg5 Bxg5 17.Qc2 Bxc1 18.Raxc1 Bf3 19.Ng3 Be4 20.Re2 Qg5 21.Rce1 Rf8 22.f3 Bxd3
23.Qxd3 f4 24.Qf5 Kg8 25.Qxg5 Rxg5 26.Nf1 Kf7 27.b4 a6 28.a4 h5 29.Nd2 h4
30.h3 Rg6 31.Nb3 Rc8 32.Nc5 Rd6 33.Ne6  1-0

[Event "Skopje ol (Men) fin-A"]
[Site "Skopje"]
[Date "1972.??.??"]
[Round "8"]
[White "Sloth, Jorn"]
[Black "Ribli, Zoltan"]
[Result "1/2-1/2"]
[WhiteElo "2385"]
[BlackElo "2505"]

1.Nf3 g6 2.g3 Bg7 3.d4 Nf6 4.Bg2 O-O 5.O-O d6 6.Nc3 Na6 7.e4 c5 8.e5 Ne8
9.Bg5 h6 10.Be3 cxd4 11.Bxd4 d5 12.Qd2 Nec7 13.Rad1 e6 14.h4 b6 15.h5 Bd7
16.Nh2 gxh5 17.f4 Nb4 18.f5 exf5 19.e6 Bxd4+ 20.Qxd4 Nc6 21.exf7+ Rxf7 22.Qf4 d4
23.Nd5 Ne6 24.Qxh6 Qg5 25.Qxg5+ Nxg5 26.c3 dxc3 27.Nxc3 Rc8 28.Rd6 Kg7 29.Re1 Na5
30.Nf3 Nxf3+ 31.Bxf3 Kh8 32.Bxh5 Rg7 33.Kf2 Rc6 34.Red1 Rxd6 35.Rxd6 Nc4
36.Rh6+ Rh7 37.Rxh7+ Kxh7 38.b3 Nd6 39.Ke3 Kh6 40.Bf3 Kg5 41.Ne2 Nb5 42.Nd4 Nxd4
43.Kxd4 f4 44.gxf4+ Kxf4 45.Be4 Be8 46.Bb7 Bf7  1/2-1/2

[Event "Skopje ol (Men) fin-A"]
[Site "Skopje"]
[Date "1972.??.??"]
[Round "9"]
[White "Ljubojevic, Ljubomir"]
[Black "Ribli, Zoltan"]
[Result "1/2-1/2"]
[WhiteElo "2550"]
[BlackElo "2505"]

1.e4 c5 2.Nf3 Nc6 3.d4 cxd4 4.Nxd4 Nf6 5.Nc3 d6 6.Bc4 Qb6 7.Nde2 e6 8.Bb3 Be7
9.O-O O-O 10.Bg5 Na5 11.Ng3 Qc7 12.Qd2 a6 13.Rad1 Rd8 14.Rfe1 b5 15.Nf5 exf5
16.Bxf6 Nxb3 17.axb3 Bxf6 18.Nd5 Qd7 19.Nxf6+ gxf6 20.Qh6 Bb7 21.Rd3 f4 22.Qxf4 Kf8
23.Qxf6 Qe6 24.Qh8+ Ke7 25.Qxh7 Rh8 26.Qf5 Qxf5 27.exf5+ Kd7 28.Rde3 Rae8
29.Rxe8 Rxe8 30.Rxe8 Kxe8 31.f3 Ke7 32.Kf2 Kf6 33.g4 d5 34.b4 d4 35.Kg3 Kg7
36.Kf4 f6  1/2-1/2

[Event "Skopje ol (Men) fin-A"]
[Site "Skopje"]
[Date "1972.??.??"]
[Round "13"]
[White "Ungureanu, Emil"]
[Black "Ribli, Zoltan"]
[Result "1/2-1/2"]
[WhiteElo "2410"]
[BlackElo "2505"]

1.d4 Nf6 2.c4 g6 3.Nc3 d5 4.Bg5 Ne4 5.Bh4 c5 6.e3 Nxc3 7.bxc3 Bg7 8.Nf3 Nc6
9.cxd5 Qxd5 10.Be2 cxd4 11.exd4 e5 12.dxe5 Qa5 13.O-O O-O 14.Bf6 Bxf6 15.exf6 Qf5
16.Qd6 Rd8 17.Qc7 Rd7 18.Qg3 Qxf6 19.Ng5 Re7 20.Bf3 Kg7 21.Rad1 Bf5 22.Bd5 Rd8
23.Bb3 Rxd1 24.Rxd1 h5 25.Nh3 Qe5 26.Qxe5+ Rxe5 27.Nf4 Na5 28.h3 Nxb3 29.axb3 Bc2
30.Rd7 b5 31.b4 a6 32.Kh2 Re4 33.Rd4 Re7 34.Nd5 Rb7 35.Ne3 Bb3 36.Rd6 Rc7
37.Rxa6 Rxc3 38.Rb6 Ba4 39.Nd5 Rc4 40.Rb8 Rd4 41.Nc7  1/2-1/2

[Event "Skopje ol (Men) fin-A"]
[Site "Skopje"]
[Date "1972.??.??"]
[Round "15"]
[White "Ribli, Zoltan"]
[Black "Kestler, Hans Guenther"]
[Result "1-0"]
[WhiteElo "2505"]
[BlackElo "2200"]

1.e4 c5 2.Nf3 d6 3.d4 cxd4 4.Nxd4 Nf6 5.Nc3 Nc6 6.Bg5 e6 7.Qd2 Be7 8.O-O-O O-O
9.f4 h6 10.Bh4 e5 11.Nf5 Bxf5 12.exf5 exf4 13.Kb1 d5 14.Bxf6 Bxf6 15.Nxd5 Be5
16.Bc4 b5 17.Bxb5 Rb8 18.c4 a6 19.Bxc6 Rxb2+ 20.Qxb2 Bxb2 21.Kxb2 Qg5 22.Ka1 Kh8
23.Bb7 Rb8 24.Bxa6 Qxg2 25.Bb5 f3 26.Rhf1 Qe2 27.Nc3 Qe3 28.Kb2 g5 29.a4 g4
30.a5 h5 31.Kc2 Qf4 32.a6 Qxf5+ 33.Kb3 Qe6 34.Rfe1 Qg6 35.a7 Ra8 36.Ra1 Kg7
37.Re8 Rxa7 38.Rxa7 f2 39.c5  1-0

[Event "Hoogovens-B"]
[Site "Wijk aan Zee"]
[Date "1972.??.??"]
[Round "?"]
[White "Ribli, Zoltan"]
[Black "Denker, Arnold S"]
[Result "1-0"]
[WhiteElo "2505"]
[BlackElo "2270"]

1.e4 c5 2.Nf3 e6 3.d4 cxd4 4.Nxd4 Nf6 5.Nc3 Nc6 6.Ndb5 Bb4 7.a3 Bxc3+ 8.Nxc3 d5
9.exd5 exd5 10.Bd3 O-O 11.O-O h6 12.Bf4 d4 13.Nb5 a6 14.Nd6 Bg4 15.Qd2 Nh5
16.Nxb7 Qe7 17.h3 Bxh3 18.Nd6 Qh4 19.Bh2 Bxg2 20.Kxg2 Qg4+ 21.Bg3 Ne5 22.Be2 Qg6
23.Bxh5 Qxh5 24.Qf4 Ng6 25.Qxd4 f5 26.Rh1 Qg5 27.f4 Qg4 28.Kf2 Rad8 29.c4 Kh7
30.c5 Rfe8 31.Rae1 Rxe1 32.Rxe1 Qh3 33.Qd5  1-0

[Event "Hoogovens-B"]
[Site "Wijk aan Zee"]
[Date "1972.??.??"]
[Round "?"]
[White "Cortlever, Nicolaas"]
[Black "Ribli, Zoltan"]
[Result "0-1"]
[WhiteElo "2405"]
[BlackElo "2505"]

1.e4 c5 2.Nf3 d6 3.d4 cxd4 4.Nxd4 Nf6 5.Nc3 a6 6.h3 e6 7.g4 Nc6 8.g5 Nd7
9.Be3 Be7 10.h4 Qc7 11.f4 Na5 12.Qe2 b5 13.Bh3 Nb6 14.f5 b4 15.Nd1 e5 16.Nb3 Nac4
17.O-O a5 18.Nc1 Bb7 19.f6 gxf6 20.gxf6 Bf8 21.Kh2 Nxe3 22.Nxe3 Bxe4 23.Nd3 Bc6
24.Nf5 Nd7 25.Nd4 Bb7 26.a3 Kd8 27.Rae1 bxa3 28.bxa3 Qc4 29.Nf5 e4 30.Ng3 Rc8
31.Bxd7 Kxd7 32.Qg4+ Qe6 33.Qxe6+ fxe6 34.Nxe4 Rxc2+ 35.Kh3 e5 36.Rg1 Bxe4
37.Rxe4 Ke6 38.Ra4 Bh6 39.Rxa5 Rf8 40.Ra7 Be3 41.Re7+ Kxf6 42.Rgg7 Rc3 43.Nb4 Bh6+
44.Kg4 Rc4+ 45.Kh5 Rxb4 46.Rxh7 Rd4 47.Kxh6  0-1

[Event "Hoogovens-B"]
[Site "Wijk aan Zee"]
[Date "1972.??.??"]
[Round "?"]
[White "Gereben, Erno"]
[Black "Ribli, Zoltan"]
[Result "1/2-1/2"]
[WhiteElo "2335"]
[BlackElo "2505"]

1.d4 Nf6 2.c4 g6 3.Nc3 d5 4.Bf4 Bg7 5.e3 O-O 6.Rc1 c5 7.dxc5 Be6 8.Nf3 Nc6
9.Qa4 Ne4 10.Be2 Nxc5 11.Qb5 Ne4 12.O-O Nxc3 13.bxc3 dxc4 14.Ng5 Bd7 15.Qxb7 Na5
16.Qc7 e5 17.Qxd8 Rfxd8 18.Bg3 Ba4 19.Bd1 Bxd1 20.Rfxd1 Rd3 21.Nf3 e4 22.Ne5 Rdd8
23.Nd7 Re8 24.Rd5 Nb7 25.Be5 Rad8 26.Bxg7 Kxg7 27.Rcd1 Rc8 28.g4 h6 29.h4 Nd8
30.Nc5 Nc6 31.Nb7 Re5 32.Rd7 Rf8 33.R1d6 Ne7 34.Nd8 h5 35.gxh5 gxh5 36.Ne6+ fxe6
37.Rxe7+ Kf6 38.Rxa7 Rg8+ 39.Kf1 Rg4 40.Rdd7 Rb5 41.Rf7+ Ke5 42.Rh7 Rxh4
43.Rab7 Rh1+ 44.Kg2 Rxb7 45.Rxb7 Rc1 46.Rh7 Rxc3 47.Rxh5+ Kd6 48.Rh4 Kd5
49.Rh5+ e5 50.Rh8 Ra3 51.Rd8+ Kc5 52.Re8 c3 53.Rxe5+ Kc6 54.Rxe4 Ra5 55.Rh4 Kb5
56.Kf3 c2 57.Rh1 Kc4 58.Ke4 Ra8 59.f4 Re8+ 60.Kf3 Kd3 61.Re1 Rb8 62.Rc1 Rb1
63.Rxc2 Kxc2 64.Ke4 Rb4+ 65.Ke5 Kd3 66.f5 Rb5+ 67.Ke6 Ke4 68.f6 Rb6+ 69.Ke7 Ke5
70.f7 Rb7+ 71.Ke8 Ke6 72.f8=N+ Kd6 73.e4 Re7+ 74.Kd8 Rxe4 75.Nd7 Ra4 76.Nb6 Rxa2
77.Nc8+ Ke6 78.Kc7 Rc2+ 79.Kb7 Kd7 80.Nb6+ Kd6  1/2-1/2

[Event "Hoogovens-B"]
[Site "Wijk aan Zee"]
[Date "1972.??.??"]
[Round "?"]
[White "Karaklajic, Nikola"]
[Black "Ribli, Zoltan"]
[Result "1/2-1/2"]
[WhiteElo "2420"]
[BlackElo "2505"]

1.e4 c5 2.Nf3 d6 3.d4 cxd4 4.Nxd4 Nf6 5.Nc3 a6 6.f4 Nbd7 7.Nf3 Qc7 8.Bd3 b5
9.Qe2 e5 10.a3 g6 11.O-O Bg7 12.Bd2 Bb7 13.a4 b4 14.Nd1 O-O 15.Nf2 a5 16.fxe5 dxe5
17.c3 b3 18.Be3 Nc5 19.Bxc5 Qxc5 20.Nd2 Qb6 21.Ra3 Rad8 22.Rxb3 Qa7 23.Nc4 Bc6
24.Nxe5 Bxa4 25.Ra3 Be8 26.Nc4 a4 27.Qe3 Qe7 28.Nb6 Qb7 29.Rd1 Bh6 30.Qxh6 Qxb6
31.Qh4 Bb5 32.c4 Bxc4 33.e5 Bxd3 34.Raxd3 Rxd3 35.Rxd3 Re8 36.Qd4 Qa5 37.Re3 h5
38.h3 Qd5 39.Qxd5 Nxd5 40.Re4 Rb8  1/2-1/2

[Event "Hoogovens-B"]
[Site "Wijk aan Zee"]
[Date "1972.??.??"]
[Round "?"]
[White "Krnic, Zdenko"]
[Black "Ribli, Zoltan"]
[Result "0-1"]
[WhiteElo "2400"]
[BlackElo "2505"]

1.e4 c5 2.Nf3 d6 3.d4 cxd4 4.Nxd4 Nf6 5.Nc3 Nc6 6.Bc4 Qb6 7.Nb3 e6 8.O-O a6
9.a4 Qc7 10.f4 b6 11.Be3 Be7 12.Be2 O-O 13.Qe1 Bb7 14.Qf2 Nd7 15.Nd2 Nc5
16.Nc4 Nb4 17.Rfc1 Rab8 18.e5 dxe5 19.Nxe5 Nd5 20.Nxd5 Bxd5 21.Bd4 Rfd8 22.b4 Ne4
23.Qe1 a5 24.bxa5 bxa5 25.Bf3 Nf6 26.Kh1 Bc5 27.c3 Bxf3 28.Nxf3 Bxd4 29.Nxd4 Rb2
30.Qe5 Qb7 31.Qg5 h6 32.Qg3 Nh5 33.Qf3 Qxf3 34.Nxf3 Nxf4 35.g3 Nd5 36.Rcb1 Rxb1+
37.Rxb1 Nxc3 38.Rc1 Nxa4 39.Ra1 Nb2 40.Rxa5 Nc4 41.Ra7 e5 42.Rc7 e4 43.Rxc4 exf3
44.Kg1 Rd1+ 45.Kf2 Rd2+ 46.Kxf3 Rxh2 47.Rc8+ Kh7 48.Rc7 Kg6 49.Rc6+ f6 50.Rc7 h5
51.Ra7 Kh6 52.Rf7 Ra2  0-1

[Event "Hoogovens-B"]
[Site "Wijk aan Zee"]
[Date "1972.??.??"]
[Round "?"]
[White "Lehmann, Heinz Dr"]
[Black "Ribli, Zoltan"]
[Result "0-1"]
[WhiteElo "2395"]
[BlackElo "2505"]

1.d4 Nf6 2.Nf3 g6 3.c4 Bg7 4.Nc3 d5 5.Bf4 O-O 6.e3 c5 7.dxc5 Qa5 8.Rc1 Ne4
9.Qb3 Nd7 10.cxd5 Ndxc5 11.Qc2 Nxc3 12.bxc3 Bf5 13.e4 Nxe4 14.Bd3 Rac8 15.O-O Rxc3
16.Qe2 Rxc1 17.Rxc1 Nc3 18.Qf1 Bxd3 19.Qxd3 Nxd5 20.Be5 Bxe5 21.Nxe5 Qxa2
22.Qd4 Nf6 23.Ra1 Qe2 24.Nf3 b5 25.Re1 Qc4 26.Qxa7 Nd5 27.h4 b4 28.Qa1 b3
29.Rc1 Qd3 30.Qb2 Nf4 31.Kh1 Qd5 32.Rb1 Rb8 33.Qc3 Nd3 34.Kg1 b2  0-1

[Event "Hoogovens-B"]
[Site "Wijk aan Zee"]
[Date "1972.??.??"]
[Round "?"]
[White "Van Scheltinga, Theo D"]
[Black "Ribli, Zoltan"]
[Result "0-1"]
[WhiteElo "2360"]
[BlackElo "2505"]

1.Nf3 g6 2.d4 Nf6 3.c4 Bg7 4.g3 O-O 5.Bg2 d6 6.Nc3 Nc6 7.O-O a6 8.h3 Rb8
9.a4 Na5 10.Nd2 Nd7 11.e3 c5 12.Ne2 Qb6 13.d5 Qb4 14.Nf4 Ne5 15.b3 Nexc4
16.Nxc4 Nxc4 17.Nd3 Qb6 18.Rb1 Ne5 19.Nxe5 Bxe5 20.e4 Bd7 21.Bh6 Bg7 22.Qd2 Qb4
23.Qg5 Bf6 24.Qf4 Rfc8 25.Rfe1 c4 26.bxc4 Qxc4 27.a5 Qa2 28.Qd2 Rc2 29.Qe3 Qxa5
30.Qa7 Qc7 31.Rec1 Rxc1+ 32.Rxc1 Qd8 33.Be3 b5 34.Rc7 Be8 35.Bf1 Ra8 36.Qb7 a5
37.Bb6 a4 38.Rxe7 Qb8 39.Rxe8+ Qxe8 40.Bxb5 Qb8 41.Qc6 a3  0-1

[Event "Hoogovens-B"]
[Site "Wijk aan Zee"]
[Date "1972.??.??"]
[Round "?"]
[White "Ribli, Zoltan"]
[Black "Sahovic, Dragutin"]
[Result "1-0"]
[WhiteElo "2505"]
[BlackElo "2345"]

1.e4 c5 2.Nf3 Nf6 3.e5 Nd5 4.d4 cxd4 5.c3 Nc6 6.cxd4 d6 7.Nc3 e6 8.Bc4 Nxc3
9.bxc3 dxe5 10.dxe5 Qa5 11.O-O Qxc3 12.Qe2 Qa5 13.Bf4 Be7 14.Rfd1 O-O 15.h4 Rd8
16.h5 Bd7 17.Rab1 Qc7 18.h6 g6 19.Qe3 Be8 20.Rdc1 Rd7 21.Bg5 Bf8 22.Bf6 Rc8
23.Nh4 Be7 24.Bxe7 Rxe7 25.Nf3 Rd7 26.Qf4 Qd8 27.Bb3 Qe7 28.Ng5 Kh8 29.Ne4 Rd4
30.Qe3 Rcd8 31.Nd6 Rh4 32.Bd1 Qf8 33.Rxb7 Nxe5 34.Nxe8 Rxe8 35.Qxe5+ f6 36.Qe3 g5
37.Rcc7 Qxh6 38.Rxh7+ Qxh7 39.Rxh7+ Rxh7  1-0